| 000 | 01334nam0a22003131 4500 | ||
|---|---|---|---|
| 001 | rc\2774972 | ||
| 005 | 20250810045235.0 | ||
| 035 | _a(NLR Aleph) 006901274 | ||
| 090 |
_a7250139 _c7250139 |
||
| 100 | _a20110915d1941 u y0rusy50 ca | ||
| 101 | 0 | _arus | |
| 102 | _aRU | ||
| 105 | _aa z ||||| | ||
| 200 | 1 |
_aВоспитание детей в семье _fБ. Л. Бараш, И. А. Арямов, И. К. Кондорский и др. _gПод ред. М. В. Сарычевой _gГос. н.-и. ин-т школ Наркомпроса РСФСР |
|
| 210 |
_aМосква _cУчпедгиз _d1941 |
||
| 215 |
_a272 с. _cил. _d23 см. |
||
| 300 | _aНа 4-й стр. указаны авторы: Б. Л. Бараш, И. А. Арямов, И. К. Кондорский и др. | ||
| 320 | _aБиблиогр.: "Что читать родителям о воспитании детей", с. 266-71 | ||
| 702 | 1 |
_aБараш _bБ.Л. _gБорис Львович _4570 |
|
| 702 | 1 |
_aАрямов _bИ.А. _4570 |
|
| 702 | 1 |
_aСарычева _bМ.В. _4340 |
|
| 702 | 1 |
_aКондорский _bИ.К. _4570 |
|
| 801 | 0 |
_aRU _bNLR _gpsbo |
|
| 801 | 1 |
_aRU _bELAR _2rusmarc |
|
| 852 |
_aNLR _jПр10 Г-5/5 |
||
| 942 | _cBOOK | ||
| 945 | _aРоссийская национальная библиотека | ||
| 980 | _aNB | ||
| 980 | _aBV | ||